Human Resource Management. (Record no. 34797)

MARC details
000 -LEADER
fixed length control field 00444nam a2200181Ia 4500
008 - FIXED-LENGTH DATA ELEMENTS--GENERAL INFORMATION
fixed length control field 220531s9999 xx 000 0 und d
041 ## - LANGUAGE CODE
Language code of text/sound track or separate title eng
082 ## - DEWEY DECIMAL CLASSIFICATION NUMBER
Classification number 658.3
Item number IVA
100 ## - MAIN ENTRY--PERSONAL NAME
Personal name Ivancevich,j. M.
9 (RLIN) 60963
245 ## - TITLE STATEMENT
Title Human Resource Management.
250 ## - EDITION STATEMENT
Edition statement 10th
260 ## - PUBLICATION, DISTRIBUTION, ETC. (IMPRINT)
Place of publication, distribution, etc. Pune
Name of publisher, distributor, etc. Tata McGraw Hill
Date of publication, distribution, etc. 2010
300 ## - PHYSICAL DESCRIPTION
Extent 662
542 ## - INFORMATION RELATING TO COPYRIGHT STATUS
Copyright holder 22-11-2011
650 ## - SUBJECT ADDED ENTRY--TOPICAL TERM
Topical term or geographic name as entry element Management
9 (RLIN) 60964
906 ## - LOCAL DATA ELEMENT F, LDF (RLIN)
d 2011-2012
Holdings
Withdrawn status Lost status Source of classification or shelving scheme Damaged status Not for loan Collection code Home library Current library Date acquired Vendor Cost, normal purchase price Total Checkouts Total Holds Full call number Barcode Date last seen Bill Date Koha item type Original Barcode
    Dewey Decimal Classification       Shri Siddhivinayak Mahila Mahavidyalaya Shri Siddhivinayak Mahila Mahavidyalaya 22/11/2011 Pritam 475.00   1 658.3/IVA/B/15799 SSMM-BK-15799 06/08/2022 06/08/2022 Books 010015799